Navidad en Imágenes - Estadísticas

Estadísticas generales
  • Esta prueba ha sido intentada 270 veces
  • La puntuación promedio es 11 de 15
Estadísticas de respuestas
Imagen Respuesta % Correcto
Árbol de Navidad
100%
Regalo
99%
Papá Noel
98%
Muñeco de Nieve
96%
Reno
96%
Luces de Navidad
89%
Calcetín de Navidad
83%
Villancico
70%
Copo de Nieve
67%
Cena de Nochebuena
61%
Pesebre
60%
Bastón de Caramelo
46%
Mercado de Navidad
39%
Corona
37%
Hombre de Jengibre
10%
No se encontraron pruebas coincidentes
Distribución de puntuación
Porcentaje de gente con cada puntuación
Porcentaje por número respondido
Historial de tus puntuaciones
No has intentado esta prueba.